| 000 | 00888nam a2200265 a 4500 | ||
|---|---|---|---|
| 001 | BRCA_6305 | ||
| 005 | 20190320205415.0 | ||
| 008 | 040811s1926----mx-a######---#000-0#spa-# | ||
| 041 | _aspa | ||
| 044 | _amx | ||
| 050 | 4 |
_aF1301 _b.M37 1926 |
|
| 100 | 1 |
_aMartínez Barranco, J. _915817 |
|
| 245 | 1 | 0 |
_aTenancingo, Tenango, Chalma y el Santo Desierto _cpor J. Martinez Barranco y Aurelio J. Venegas. |
| 260 |
_aToluca, Edo. de México _bAlta vida _c1926 |
||
| 300 |
_a32 p. _bil. _c23 cm. |
||
| 500 | _aEstado físico: encuadernacón deteriorada | ||
| 500 | _aK167 | ||
| 651 | 4 |
_aChalma, México (Estado) _xDescripción _915818 |
|
| 651 | 4 |
_aTenancingo México (Estado) _xDescripción _915819 |
|
| 651 | 4 |
_aTenango, México (Estado) _xDescripción _915820 |
|
| 651 | 4 |
_aMéxico _xDescripción _915821 |
|
| 700 | 1 |
_aVenegas, Aurelio J. _ecoaut. _915822 |
|
| 902 | _aGFM | ||
| 942 |
_2lcc _cB |
||
| 999 |
_c5991 _d5991 |
||